[Event "RUS-Cup01 Chigorin Memorial"]
[Site "St Petersburg"]
[Date "1997.11.01"]
[Round "1"]
[White "Lastin, Alexander"]
[Black "Petrov, Anton"]
[Result "1-0"]
[WhiteElo "2550"]
[BlackElo "2350"]
[Annotator "Mikhalevski,V"]
[PlyCount "87"]
[EventDate "1997.11.01"]
[EventType "swiss"]
[EventRounds "9"]
[EventCountry "RUS"]
[SourceTitle "CBM 062"]
[Source "ChessBase"]
[SourceDate "1998.01.31"]
[SourceVersion "1"]
[SourceVersionDate "1998.01.31"]
[SourceQuality "1"]

1. e4 e5 2. Nf3 Nc6 3. d4 exd4 4. Nxd4 Nf6 5. Nxc6 bxc6 6. e5 Qe7 7. Qe2 Nd5 8.
c4 Ba6 9. g3 g6 10. b3 Bg7 11. Bb2 O-O 12. Bg2 Rfe8 13. O-O Nb6 14. Re1 f6 (
14... d5 15. Qc2 Qc5 16. Nd2 Rad8 17. Rac1 d4 18. Nf3 d3 19. Qd2 Bc8 20. h3 h5
21. Rcd1 Bf5 22. e6 Rxe6 23. Rxe6 Bxe6 24. Bxg7 Kxg7 25. Qc3+ Kg8 26. Rxd3 Rxd3
27. Qxd3 Nd7 28. Qc3 Bf5 29. Nd4 Qe5 30. Qd2 c5 31. Nxf5 Qxf5 32. Qa5 Ne5 33.
Qxa7 h4 34. Qa8+ Kg7 35. Qe4 Qf6 36. Qxh4 {1-0 Kasparov,G-Sokolov,I/Erevan olm
1996/EXT 96ch2/[Shipov]}) (14... Qc5 15. Nd2 d5 16. Rac1 Rab8 17. Qf3 dxc4 18.
Ne4 Qe7 19. Bc3 Nd5 20. Nf6+ Bxf6 21. exf6 Qa3 22. Bd4 Qxa2 23. Qg4 cxb3 24.
Qg5 Qa3 25. Bxd5 cxd5 26. Rxe8+ Rxe8 27. Bc5 Qb2 28. Be7 Kh8 29. Qh6 {Hakki,
I-Sarwat,W/Cairo-B 1997/EXP 57/0-1 (42)}) 15. e6 Qxe6 (15... Bb7 $1 16. Qd2
dxe6 17. Qa5 a6 18. Nd2 Rad8 19. Ne4 Ba8 20. Rad1 e5 21. Ba3 Qf7 22. Qxa6 f5
23. Nc5 e4 24. Nb7 Rb8 25. Na5 Re6 26. Re2 h5 27. Red2 Kh7 28. Rd8 Rxd8 29.
Rxd8 f4 30. c5 Nd5 31. Rxa8 fxg3 32. fxg3 Bd4+ 33. Kh1 e3 34. Qe2 Nc3 35. Qf3
Rf6 36. Qxf6 Qxf6 37. Re8 Qf2 38. Re7+ Kh6 {0-1 Arnold,L-Renner,C/BL9697 1996/
BL9697}) 16. Qxe6+ Rxe6 17. Rxe6 dxe6 18. Bxc6 Rd8 (18... Rb8 $143 19. Nd2 $1
Nxc4 20. Nxc4 Bxc4 21. Rc1 Ba6 (21... Bb5 22. Bxb5 Rxb5 23. Rxc7 a5 24. Bc3 $1
$16) 22. Bd7 Bc8 23. Rxc7 Bxd7 24. Rxd7 $14) 19. Na3 $1 {/\Rc1-c2 and then Nb5}
(19. Kf1 $6 Nd5 $1 20. Nc3 (20. Na3 Nb4 21. Bb5 Bb7 $1 $15) (20. h4 $2 Nb4 21.
Be4 f5 22. Bxg7 Kxg7 $1 (22... fxe4 $2 23. Bf6 Rf8 24. a3 $13 (24. Be7 Nc2 $1
25. Bxf8 Kxf8 26. Ke2 Nxa1 27. Kd2 $13)) 23. a3 Nd3 $1 24. Bxd3 (24. Bf3 Nc5
$19) 24... Rxd3 25. b4 Bxc4 $19) 20... f5 $1 21. Na4 $1 (21. Rd1 $2 Rd6 $1 (
21... Bxc3 22. Bxd5 $1 Rxd5 23. Rxd5 exd5 (23... Bxb2 $2 24. Ra5 $1 Bb7 $8 25.
Rxa7 $18) 24. Bxc3 dxc4 25. b4 $11) 22. Bxd5 (22. Rxd5 exd5 23. Bxd5+ Rxd5 $1
24. Nxd5 Bxb2 25. Nxc7 Bb7 $19) 22... exd5 23. Ke1 dxc4 24. Rxd6 cxd6 25. bxc4
Bxc4 $19) (21. Rc1 $2 Nb4 22. Bb5 Bxb5 23. cxb5 Rd2 24. Ba1 (24. Ba3 Nd3 $19)
24... Nd3 $19) 21... Bxb2 22. Nxb2 Nb4 (22... Rd6 $6 23. Bb5 Nc3 24. Bxa6 (24.
a4 Bb7 $1 $15 (24... Rd2 25. Nd1 $1 Nxd1 26. Ke1)) 24... Rxa6 25. a3 Rb6 26. b4
Rd6 27. Ke1 {/\Rc1=}) 23. Bf3 Rd2 24. a3 $1 Nd3 $1 (24... Nc2 25. Rd1 Rxd1+ 26.
Bxd1 Nxa3 $13) 25. Nxd3 Rxd3 26. Bd1 Rd2 $15) 19... Kf7 (19... Rd2 {is
senseless in view of} 20. Bc3 Rd3 21. Rc1 Bh6 22. Rc2 {/\Nb5} (22. f4 $6 e5))
20. Rc1 Bf8 21. Rc2 Bc8 22. Nb5 a6 23. Nxc7 (23. Nc3 $14) 23... Bd6 (23... Bc5
24. Na8 $1 Nd7 (24... Nxa8 25. Bxa8 $16) 25. Rd2 Ke7 26. Bc3 $16) 24. Ne8 (24.
Na8 Bd7 $1 (24... Nxa8 25. Bxa8 $16) 25. Nxb6 (25. Bxd7 $2 Nxd7) 25... Bxc6 26.
Rd2 Bc7 27. Rxd8 Bxd8 28. Nc8 (28. Na4 Bxa4 29. bxa4 Ke8 {/\Kd7-c6=}) 28... Bc7
{and black has got good chances for a draw.}) 24... Be7 (24... Rxe8 $2 25.
Bxe8+ Kxe8 26. c5 $18) 25. c5 Nd5 (25... Rd1+ $143 26. Kg2 Nd5 27. Ba3 {/\Nd6+-
}) 26. Nd6+ $1 (26. Bxd5 $143 Rxd5 (26... exd5 27. Nd6+ Bxd6 28. cxd6 Ke6 29.
Ba3 Re8 $1 30. f4 $16) 27. Nd6+ Bxd6 28. cxd6 Bd7 (28... Rd1+ 29. Kg2 Bb7+ $6 (
29... Bd7 $142) 30. Kh3 Be4 31. Rc7+ $16) 29. Ba3 e5 $14) 26... Bxd6 27. cxd6
Nb4 (27... Rxd6 $4 28. Bxd5 Rxd5 29. Rxc8 $18) 28. Rc4 Nxc6 $8 (28... Rxd6 $2
29. Bf3 $1 Nd3 $8 (29... Rd3 $2 30. Kg2) 30. Ba3 Rd8 31. Rc7+ Bd7 (31... Kg8
32. Be7 Re8 33. Bxf6 $18) 32. Be2 {/\B:a6+-}) 29. Rxc6 $16 e5 30. Ba3 f5 31.
Bc5 Ke6 32. Rc7 Bd7 33. Ra7 Rc8 34. b4 Rc6 35. f3 h6 36. Kf2 $18 {White just
wait for pawn moves and then black in zugzwang.} Rc8 37. Rxa6 Bc6 38. a4 Kd5
39. Ra7 Rd8 40. a5 Rd7 41. Rc7 Bb5 42. Rc8 g5 43. Ra8 g4 44. a6 1-0

[Event "WchT 4th"]
[Site "Luzern"]
[Date "1997.11.02"]
[Round "9.2"]
[White "Palac, Mladen"]
[Black "Malaniuk, Vladimir P"]
[Result "1-0"]
[WhiteElo "2575"]
[BlackElo "2615"]
[Annotator "Mikhalevski,V"]
[PlyCount "81"]
[EventDate "1997.10.25"]
[EventType "team-tourn"]
[EventRounds "9"]
[EventCountry "SUI"]
[SourceTitle "CBM 062"]
[Source "ChessBase"]
[SourceDate "1998.01.31"]
[SourceVersion "1"]
[SourceVersionDate "1998.01.31"]
[SourceQuality "1"]
[WhiteTeam "Croatia"]
[BlackTeam "Ukraine"]
[WhiteTeamCountry "CRO"]
[BlackTeamCountry "UKR"]

1. e4 e5 2. Nf3 Nc6 3. d4 exd4 4. Nxd4 Bc5 5. Nxc6 Qf6 6. Qd2 dxc6 7. Nc3 Ne7
8. Qf4 Be6 (8... Ng6 9. Qxf6 gxf6 10. Bd2 Rg8 11. Na4 Bd6 12. O-O-O Be6 13. Nc3
O-O-O 14. g3 Bg4 15. Be2 Ne5 16. Bf4 Bh3 17. Bh5 Bc5 18. Rxd8+ Rxd8 19. Nd1 Bg2
20. Re1 Nf3 21. Re2 Ng1 22. Bg4+ Kb8 23. Rd2 Rxd2 24. Kxd2 Bxe4 25. Nc3 Bg2 26.
Be3 Be7 27. Bh5 Nf3+ 28. Ke2 Ng1+ {- Kasparov,G-Topalov,V/Las Palmas 1996/CBM
57/[Kramnik]}) 9. Qxf6 gxf6 10. Na4 (10. f4 f5 11. Bd2 O-O-O 12. O-O-O Rhg8 13.
g3 h5 14. Bh3 h4 15. Na4 Bf2 16. Bb4 Rxd1+ 17. Rxd1 hxg3 18. hxg3 b5 19. Bxe7
bxa4 20. Bxf5 Bxf5 21. exf5 Be3+ 22. Kb1 Rxg3 23. Rd8+ Kb7 24. a3 Bxf4 25. Rf8
Be5 {- Anand,V-Shirov,A/Linares14th 1997/CBM 57/[Shirov]}) 10... Bb4+ (10...
Bd6 11. f4 $5 O-O-O 12. Bd2 $14) 11. Bd2 (11. c3 Bd6 12. Be3) 11... Bxd2+ (
11... a5) 12. Kxd2 f5 (12... O-O-O+ $5 13. Bd3 (13. Ke3 f5 14. e5 $140 $2 f4+
15. Kf3 Ng6 {/\Rd4-/+}) 13... f5) 13. Re1 $1 O-O-O+ 14. Kc1 fxe4 15. Nc5 $1 Bf5
16. Nxe4 Nd5 17. Bd3 Bg6 (17... Nf4 $6 18. Nd6+) 18. Nc5 $1 b6 (18... Nf4 $5
19. Bxg6 hxg6 20. g3 Rd5 $1 21. Nb3 (21. b4 b6 $5 {/\Ne6} (21... Nh3 $13))
21... Ne6) 19. Bxg6 hxg6 20. Nd3 $14 {/\Ne5} Rh7 $5 (20... f6 21. c4 Ne7 $8 (
21... Nc3 $2 22. Nb4 $1 (22. Kc2 $5) 22... c5 23. Nc6 Nxa2+ 24. Kb1 Nb4 25.
Nxd8 $16) 22. Rxe7 (22. Nf4 $2 Rd4 $1 23. Rxe7 Rxc4+) 22... Rxd3 23. h3 Rhd8
24. Rhe1 $14) 21. Ne5 Rd6 (21... Kb7) 22. g3 (22. h4 $142 $1 {/\g3}) 22... c5 (
22... g5 $5) 23. f4 (23. h4 $5) 23... Rg7 24. Nf3 f6 25. Re4 Nb4 26. a3 Nc6 27.
Rhe1 Kd7 28. c3 Ne7 29. Kc2 Rh7 30. R1e2 a6 31. Nd2 Nc6 32. Nc4 Rd5 33. Ne3 Rd6
34. Nc4 Rd5 35. Ne3 Rd6 36. f5 $1 {><f6} g5 (36... gxf5 $5 37. Nxf5 Rd5 38. g4
Re5) (36... Ne7 $5) 37. Ng4 $16 Rf7 $2 (37... Ne7 $142 $1 38. Re6 Ng8 $1) 38.
Re6 $1 Nd8 39. Re8 (39. Rxd6+ $1 cxd6 40. h4 gxh4 41. gxh4 $16) 39... Rd5 40.
Rg8 $1 Nc6 $2 (40... Rxf5 $4 41. Rd2+) (40... Nb7 41. Rg6 Rd6 (41... Rxf5 $2
42. Nh6 $18) 42. h4 gxh4 43. gxh4 $16) (40... Rd6 $142 41. h4 gxh4 42. gxh4 Nc6
$16) 41. Rg7 $1 ({[%tqu "En","Can you find a winning move for White here?",
"Can you distract his rook from defending f6?","Give a rook to be able to play
the big fork Nxf6+","g8g7","VERY GOOD  You are also very tricky in the
endgame!",14]} 41. Rg7 $3 Rxg7 (41... Nd4+ {The best try} 42. cxd4 Rxg7 43.
Nxf6+ Kc6 44. Nxd5 Kxd5 45. dxc5 Kxc5 46. f6 Rf7 47. Re5+ Kd4 48. Rxg5 Rxf6 49.
h4 (49. Rg4+ Kd5 50. h4 $18)) 42. Nxf6+ Kc8 (42... Kd6 $2 43. Re6#) 43. Nxd5
$18) 1-0

[Event "WchT 4th"]
[Site "Luzern"]
[Date "1997.10.26"]
[Round "2.1"]
[White "Kotsur, Pavel"]
[Black "Arencibia Rodriguez, Walter"]
[Result "1/2-1/2"]
[WhiteElo "2500"]
[BlackElo "2550"]
[Annotator "Mikhalevski,V"]
[PlyCount "77"]
[EventDate "1997.10.25"]
[EventType "team-tourn"]
[EventRounds "9"]
[EventCountry "SUI"]
[SourceTitle "CBM 062"]
[Source "ChessBase"]
[SourceDate "1998.01.31"]
[SourceVersion "1"]
[SourceVersionDate "1998.01.31"]
[SourceQuality "1"]
[WhiteTeam "Kazakhstan"]
[BlackTeam "Cuba"]
[WhiteTeamCountry "KAZ"]
[BlackTeamCountry "CUB"]

1. e4 e5 2. Nf3 Nc6 3. d4 exd4 4. Nxd4 Qf6 5. Nxc6 Bc5 6. Qd2 dxc6 7. Nc3 Be6
8. Na4 Rd8 9. Bd3 Bd4 10. O-O b5 11. c3 Be5 12. f4 bxa4 13. fxe5 Qxe5 14. Qe2
Ne7 (14... Nf6 15. Bf4 Qh5 16. Qc2 O-O 17. Rae1 Bxa2 18. Qxa4 Rxd3 19. Qxa2
Qc5+ 20. Kh1 Re8 21. Bxc7 Rd7 22. e5 Ng4 23. b4 Qd5 24. Qxd5 cxd5 25. Bd6 f6
26. exf6 Rxe1 27. f7+ Rxf7 {- Relange,E-Smyslov,V/Cannes mT 1996/EXP 51}) 15.
Be3 (15. Bf4 Qa5 (15... Qc5+ $143 16. Be3)) 15... O-O (15... a3 16. Bd4 Rxd4
17. cxd4 Qxd4+ 18. Rf2 axb2 19. Rd1 (19. Rb1 O-O 20. Rxb2 Rd8 {Black haven't
got any problems.}) 19... Qa4 20. Rb1 Qxa2 21. Rxb2 Qa1+ 22. Rf1 Qa3 23. Rb8+
Nc8 $11 {And black at least not worse.}) 16. Kh1 (16. Bxa7 c5 (16... a3 17. Bd4
(17. Rad1 $6 axb2 (17... c5 18. b4 cxb4 19. cxb4 Ng6 20. Bc5 Rfe8 $13) 18. Qxb2
Qa5 19. Bd4 c5 20. Be3 Bxa2 $1 21. c4 $140 Nc6 $15) 17... Rxd4 $1 18. cxd4
Qxd4+ 19. Rf2 Rd8 (19... Rb8 20. Ba6 $1 axb2 21. Rb1 Qa4 $140 22. Qd3 $1 $16)
20. Ba6 axb2 21. Rb1 (21. Qxb2 Qxe4 $13) 21... Bxa2 22. Rxb2 Be6 23. Rd2 Qxd2 (
23... Qa1+ $2 24. Rf1 Rxd2 25. Qxd2 $18) 24. Qxd2 Rxd2 25. Rxd2 f6 $14) 17. Bc4
$1 (17. Qe3 $2 Nc6 18. Qxc5 (18. Bxc5 Rxd3 $1 19. Qxd3 Qxc5+ $17) 18... Qxc5+
19. Bxc5 Rxd3 20. Bxf8 Kxf8 $17) 17... Nc6 (17... a3 $5 18. Bxe6 fxe6 19. b4
cxb4 20. cxb4 Nd5 21. Qc4 (21. Bc5 Rf4 $1 $36) 21... Nf4 $36) 18. Bxe6 fxe6 19.
Qa6 Nxa7 20. Qxa7 Qxe4 21. Qxc5 $11) 16... Ng6 17. Bd4 (17. Bxa7 $2 Nf4 18. Bd4
$140 Nxe2 19. Bxe5 Rxd3 $19) 17... Qg5 18. Qf2 (18. Bc2 Ne5 $1 {/\Bc4} 19. Bxe5
$140 Qxe5 20. Bxa4 Rd6 $15) 18... Rfe8 $1 (18... c5 19. Be3) 19. Bc2 a3 (19...
Qb5 $5 20. b3 axb3 21. axb3 a5 $15 (21... Bxb3 $4 22. Rfb1 $18)) 20. bxa3 a6 (
20... a5 $5) 21. Bb3 Bxb3 (21... Qh4 $1 22. Qxh4 Nxh4 23. Rad1 Ng6 {And the
position about equal.}) 22. axb3 f6 (22... Re7 $5 23. Qf5 Qh4 (23... h6 $5) 24.
e5 $1 {[/\25.Bc5 Red7 26.e6]} Rf8 $1 $14) 23. Qf5 h6 (23... Qh4 $5 24. Rae1 Ne5
$11) 24. Rae1 Ne5 (24... Qxf5 $5 25. exf5 (25. Rxf5 Ne5 $11 (25... Rd5 26. g4
$1)) 25... Rxe1 26. Rxe1 Nh4 27. g4 $1 (27. Rf1 Rd5 28. g4 h5 $1 29. h3 (29.
Bf2 Nf3 {/\Nd2=/+}) 29... c5 30. Bf2 Rd3 $1 $15) 27... Nf3 28. Re7 Nxd4 29.
cxd4 Rxd4 30. Rxc7 a5 $1 (30... Rxg4 31. Rxc6 Rf4 32. Rxa6 Rxf5 $14) 31. Rxc6
a4 $1 32. bxa4 Rxa4 $11) 25. Rd1 Nf7 26. Rde1 Rd6 (26... Qxf5 $5 27. exf5 (27.
Rxf5 $2 Nd6 28. Rf4 (28. Ra5 $2 c5 $3 29. Bxc5 $140 (29. Rxc5 $140 Nxe4 30.
Rxc7 Ng3+) 29... Nb7) 28... Nb5 29. e5 c5 $1 30. Bxc5 Rxe5 $1 31. Rxe5 fxe5 32.
Re4 Rd5 {/\N:c3-/+}) 27... Nd6 $1 28. g4 Nb5 $15) 27. Re3 Rde6 (27... Qxf5 $5
28. Rxf5 (28. exf5 Rxe3 29. Bxe3 Rd3 30. Bd4 c5 $1 $15) 28... Rde6 29. Ra5 Nd6
(29... Nd8 {[/\30...Nb7 31.R:a6 c5]} 30. b4 $1 (30. Rxa6 $2 c5 $1 31. Rxe6 Nxe6
$19)) (29... Ng5 $5 30. e5 $5 (30. Rxa6 $2 c5 $1) (30. b4 Nxe4 31. Rxa6 (31.
Kg1 c5 $1) 31... Nf2+ 32. Kg1 Rxe3 33. Bxe3 Rxe3 (33... Ng4 34. Bd2 Rd8 35. h3)
34. Kxf2 Rxc3 $11)) 30. Rxa6 Nxe4 31. b4 Nf2+ {see 29...Ng5}) 28. Rfe1 Qxf5 $6
(28... Nd6 $142 $1 29. Qxg5 hxg5 30. e5 Nf5 31. Re4 Nh6 $1 {/\Nf7=/+}) 29. exf5
Rxe3 30. Rxe3 Rxe3 31. Bxe3 Nd6 32. Bf4 $1 (32. g4 $2 Nb5 33. c4 Nxa3 34. Bf4
Nc2 35. Bxc7 Nd4 36. b4 Nc2 37. Bd6 Ne3 $15) 32... Nb5 33. c4 Nd4 (33... Nxa3
$5 34. Bxc7 Nc2 35. Bb6 Na1 36. b4 Nc2 37. Bc5 Ne1 (37... Na3 $2 38. b5) 38.
Be3 Nd3 (38... Nc2 39. Bc5 $11) 39. Bd2 Ne5 40. c5 Nc4 41. Bf4 (41. Bc3 $2 Ne3)
41... a5 42. bxa5 Nxa5 $11) 34. b4 Nxf5 35. a4 Kf7 36. g4 $2 (36. Bxc7 $142 Ke6
37. b5 cxb5 38. cxb5 axb5 39. axb5 $11) 36... Nd4 $2 (36... Nd6 $142 37. c5 Nc4
38. Bxc7 Nb2 $17 39. a5 $140 Nd3 $19) 37. Bxc7 Ke6 38. Bb6 (38. Kg2 $142) 38...
Nf3 39. b5 $11 1/2-1/2

[Event "EU-chT (Men) 12th"]
[Site "Batumi"]
[Date "1999.12.07"]
[Round "9.2"]
[White "Mikhalchishin, Adrian"]
[Black "Onischuk, Alexander"]
[Result "1/2-1/2"]
[WhiteElo "2552"]
[BlackElo "2657"]
[Annotator "Mikhalevski,V"]
[PlyCount "110"]
[EventDate "1999.11.06"]
[EventType "team-swiss"]
[EventRounds "9"]
[EventCountry "GEO"]
[SourceTitle "CBM 074"]
[Source "ChessBase"]
[SourceDate "2000.02.01"]
[SourceVersion "1"]
[SourceVersionDate "2000.02.01"]
[SourceQuality "1"]
[WhiteTeam "Slovenia"]
[BlackTeam "Ukraine"]
[WhiteTeamCountry "SLO"]
[BlackTeamCountry "UKR"]

1. e4 e5 2. Nf3 Nc6 3. d4 exd4 4. Nxd4 Nf6 5. Nxc6 bxc6 6. e5 Qe7 7. Qe2 Nd5 8.
c4 Nb6 (8... Ba6 {is another option in the current position.}) 9. Nc3 Qe6 10.
Qe4 Ba6 11. b3 Bb4 12. Bd2 Bxc3 13. Bxc3 d5 14. Qh4 $1 {Kasparov's novelty
which he has introduced in Sarajevo 1999 against Adams and reached a deserved
victory.Did Onischuk prepared anything?The answer comes immediately.} (14. Qf3
dxc4 15. Be2 Bb7 (15... O-O 16. O-O Rfe8 17. Rfe1 Rad8 18. Bf1 c5 19. Rad1 h6
20. Ba1 Bc8 21. bxc4 Ba6 22. Bd3 Bxc4 23. Bf5 Qe7 24. Bb1 Be6 25. Qe4 g6 26.
Qe3 Kh7 27. f4 Bf5 28. h3 c4 29. Bxf5 gxf5 30. Kh2 {Ponomariov,R-Spassky,B/
Cannes 1998/CBM 65/[Mikhalevski,V]/1/2-1/2 (58)}) 16. bxc4 Nxc4 17. Qg3 c5 18.
O-O h5 19. Rad1 Rh6 20. Bd3 Kf8 21. f4 Nb6 22. f5 Qxa2 23. Rd2 h4 24. Qg5 Qd5
25. f6 Rxf6 26. Rxf6 gxf6 27. Qh6+ Kg8 {1-0 Kummerow,H-Michalczak,T/Germany
1998/GER-chT (27)}) 14... dxc4 15. Be2 O-O $146 {Perhaps Onischuk didn't like
the course of the above-mentioned game and decided to try a new continuation.}
(15... Nd5 16. Bd4 c5 17. Bxc5 Nc3 18. Bxc4 Qxe5+ 19. Be3 Ne4 20. O-O Bxc4 21.
bxc4 O-O 22. Rfe1 $14 {1-0 Kasparov,G-Adams,M/Sarajevo BIH 1999 (31) See my
comments ot this game in CBM71.}) 16. O-O Nd5 17. Bxc4 {White chooses a safe
move.He obtains slight ,but long term adge thanks to the better pawn structure.
} ({Kasparov's} 17. Bd4 {was also interesting.}) 17... Bxc4 18. Qxc4 $14 {
[%csl Ra7,Rc6,Rc7][%cal Ga1c1,Gc3d4] The following play will be concentrated
on the main object of the position:weaknesses on the queen side.The pawns on
the c-file can be easily attacked,but at the same time it's not easy to win
them as defending resources of knight are well-known.} a5 {A weak pawn is
striving to be advanced.This principle is not always working properly as
sometimes the pawn can be weaker after advancing.But this is the case when
it's very useful to advance it.Now Black keeps in mind two options:advancing
the a-pawn to a4 in order to change it and second is to put his knight on the
b4 square to defend the weak pawns along the c-file.In the later case after
most probable a2-a3 the knight will go back and the weak white pawn on b3 will
be fixed by its colleague on a5.} 19. Rac1 Rfb8 {[%mdl 32] Rook is very useful
on the b-file as it can defend the weak pawns from b6 and also takes under
sight the b3 pawn in case of above-mentioned play(Nb4 a3 Nd5).} 20. Rfd1 ({
Quick offensive on the king side by means of} 20. f4 {[%csl Ge5,Gf4][%cal
Gf4f5] deserved serious attention and could be very unpleasant for Black.} Qh6
{[%cal Gd5e3]} (20... Ne3 21. Qxe6 fxe6 22. Rfe1 $1 Nd5 23. Re4 $1 {[%csl Ra5,
Rc6,Rc7,Re6][%cal Ge4c4]}) 21. Bd2 $14) 20... h6 {Prophylaxis.While White
doesn't create concrete threats Black has got time for this useful move.} 21.
h3 {White also chooses prophylaxis as the direct attack of Black's weaknesses
doesn't yield much:} (21. Ba1 {can be met by} a4 $1 {and Black solves his
problems:} (21... Rb6 $143 22. Bd4 Rba6 {[%cal Ga5a4] /\23...a424.b4 a3 ><b4,a2
} 23. a3 $1) 22. bxa4 (22. Qxc6 Qxc6 23. Rxc6 axb3 24. axb3 (24. Rxd5 $143 Rxa2
25. Rd1 b2 26. Bxb2 Rbxb2 27. Rf1 Rc2 $15) 24... Rxb3 $11) 22... Rb4 23. Qxc6
Qxc6 24. Rxc6 Rbxa4 $1 25. Rxd5 Rxa2 $11 {with equal rook ending}) (21. Bd4 a4
$1 22. Qxc6 (22. bxa4 Rb4 23. Qxc6 Qxc6 24. Rxc6 Rbxa4 {with good chances to
equalize.}) 22... Qxc6 23. Rxc6 axb3 24. axb3 Rxb3 $11) 21... Rb5 (21... Qg6 {
deserved an attention with the idea to meet} 22. Bd4 {with} Nf4) 22. Bd4 Nb4 $6
{It wasn't necessary to defend pawns this way as after 22...a4 Black reaches
clear equality.} (22... a4 23. bxa4 (23. Qxc6 Qxc6 24. Rxc6 axb3 25. axb3 Rxb3
26. Bc5 (26. Rc5 Nf4 $1 {[%cal Gf4e6]} 27. Rxc7 Rd8 28. Rc4 Rb5 $11) 26... Nc3
27. Rd7 Nb5 $11) 23... Rb4 24. Qxc6 Rbxa4) 23. a3 Nd5 24. a4 {Before taking on
c6 it's important to take the pawn out of attack.} Rb4 25. Qxc6 Qxc6 26. Rxc6
Rxb3 27. e6 $1 {[%csl Rd5][%cal Gd4g7] Last chance to fight for advantage.} (
27. Rc5 Nf4 {[%cal Gf4e6]} 28. Rxc7 Rd8 {is unacceptable for White.}) 27...
fxe6 28. Rxe6 {[%cal Gd4g7] Creating the threat of B:g7} Rd8 ({After careless} 
28... Kf7 $2 29. Rc6 {[%csl Rc7,Rg7][%cal Gc6c5,Gd4g7] Black is in trouble:}
Rd8 (29... Rab8 30. Rc5 (30. Bxg7 $2 Rb1)) 30. Rc5 Nc3 (30... Ne7 31. Rxc7 Rb4
32. Re1 $1) 31. Rxc7+ Kg8 32. Rxg7+ Kf8 33. Bc5+ Kxg7 34. Rxd8 $16) 29. Be5 {
[%cal Ge5c7]} Rb6 30. Bxc7 $1 (30. Re7 Nxe7 31. Rxd8+ Kf7 32. Bxc7 Rb4 33. Bxa5
Rxa4 {leads to the similar to the game position.}) 30... Rxe6 31. Bxd8 Nc3 $8
32. Ra1 Re4 33. Bxa5 Nxa4 $14 {[%mdl 4096] Finally White won a pawn,but Black
has good drawish chances thanks to the reduced material.Now Black's dream is
to change the light pieces.In that case theoretically drawish position will be
arised.} 34. f3 Rc4 35. Rd1 Nc5 36. Bc7 ({Pin along the c-file} 36. Rd8+ Kf7
37. Rc8 {doesn't work in view of} Rc1+ 38. Kh2 Nb3 {and Black excanges one
more piece.}) 36... Nd3 37. Bd6 Rc3 (37... Rc1 38. Rxc1 Nxc1 39. Kf2 Nb3 40.
Ke3 Na5 {is also possible}) 38. Kf1 Nb2 39. Re1 Nc4 {The knight is showing
miracles of mobility.} 40. Bb4 Rb3 41. Bc5 Rb7 42. Kf2 Rc7 43. Bd4 Rd7 44. Bc3
Nb6 {[%cal Gb6d5] Centre is the best place for a knight.} 45. g4 Nd5 46. Bd2 h5
$1 {Changing pair of pawns Black advances to a draw.} 47. Kg3 (47. gxh5 Nf6 $11
{[%cal Gd7d2,Gf6h5]}) 47... hxg4 48. hxg4 Kf7 49. Ra1 Nc7 50. Be3 Nd5 51. Bd4
Nc7 52. Be5 Ne6 53. f4 g6 $1 {Onischuk completes building of the best
defending setup and draw is now most likely result.} 54. Ra8 Rd3+ 55. Kf2 Nc5 {
Mikhalchishin believes that Onischuk's technics is not bad and so draw was
agreed.} ({Following variation could be a good example of the huge strength of
the knight:} 55... Nc5 56. Ra7+ Ke6 57. Rg7 g5 $1 58. Rg6+ Kd5 59. Rxg5 Ne4+
60. Ke2 Rd2+ $1 61. Ke3 Nxg5 62. Kxd2 Nf3+ 63. Ke3 Nxe5) 1/2-1/2